[Event "Challenge"]
[Site "http://www.queenalice.com/game.php?id=821147"]
[Date "2010.8.21"]
[Round "-"]
[White "Camy"]
[Black "Dunelm"]
[Result "0-1"]
[WhiteElo "1455"]
[BlackElo "1532"]

1. e4 c6 2. Nc3 d5 3. Nf3 Nf6 4. Be2 dxe4 5. Ne5 Be6 6. d4 Nbd7 7. O-O Nxe5 8.
dxe5 Qxd1 9. Rxd1 Nd5 10. Nxe4 Bf5 11. Bd3 e6 12. f3 Be7 13. Bd2 O-O 14. c4 Nb6
15. b3 h6 16. Be3 Rfd8 17. c5 Nd5 18. Bd2 b6 19. Ba6 bxc5 20. Bc4 Nb6 21. g4
Bxe4 22. fxe4 Nxc4 23. bxc4 Rd4 24. Be3 Rxe4 25. Bf2 Rxg4+ 26. Kf1 Rxc4 27. Rd7
Bh4 28. Bxh4 Rxh4 29. Kg2 Rg4+ 30. Kf3 Rd4 31. Re7 a5 32. Rf1 Rd2 33. Kg3 Rxa2
34. Rexf7 Ra3+ 35. Kh4 Ra4+ 36. Kh5 Ra2 37. Kg6 Rg2+ 38. Kh5 Rxh2+ 39. Kg6 Rg2+
40. Kh5 Rg5+ 41. Kh4 Rxe5 42. Re7 a4 43. Rg1 Rg5 44. Rxg5 hxg5+ 45. Kxg5 c4 46.
Kg6 a3 47. Rxg7+ Kf8 48. Rf7+ Ke8 49. Kg7 Rd8 50. Rf8+ Ke7 51. Rf7+ Kd6 52. Rf6
Ke7 53. Rf7+ Kd6 54. Kf6 a2 55. Re7 a1=Q+ 56. Kf7 Qf1+ 57. Kg7 Qf8+ 58. Kh7
Qxe7+ 59. Kg6 Rf8 60. Kh5 Qg7 61. Kh4 Rh8# 0-1

[Event "Let's Play Chess!"]
[Site "http://www.queenalice.com/game.php?id=825918"]
[Date "2010.8.31"]
[Round "-"]
[White "elche"]
[Black "Dunelm"]
[Result "1-0"]
[WhiteElo "1567"]
[BlackElo "1575"]

1. e4 e6 2. d4 d5 3. e5 c5 4. dxc5 Bxc5 5. Bf4 a6 6. Be2 Ne7 7. c3 O-O 8. Nf3 h6
9. Qd2 Nf5 10. Nd4 Bxd4 11. cxd4 Nc6 12. Be3 Nxe3 13. Qxe3 Qa5+ 14. Qd2 Qxd2+
15. Nxd2 Nxd4 16. Bd3 Bd7 17. O-O Bb5 18. Bxb5 axb5 19. a3 Nc6 20. Rfd1 Nxe5 21.
Nb3 Nd7 22. Nd4 b4 23. axb4 Rxa1 24. Rxa1 e5 25. Nb5 d4 26. f3 d3 27. Nd6 b6 28.
Rd1 e4 29. fxe4 Ne5 30. Nf5 Rd8 31. Ne3 b5 32. b3 Nc6 33. Nd5 Ne5 34. h3 Ra8 35.
Nc7 Ra3 36. Nxb5 Rxb3 37. Nd4 Rxb4 38. Nf3 Rxe4 39. Nxe5 Rxe5 40. Rxd3 Re1+ 41.
Kf2 Re8 42. g4 g5 43. Kg3 Rf8 44. Rf3 Kg7 45. Rf5 f6 46. h4 Kg6 47. h5+ Kg7 48.
Rd5 Rb8 49. Rd7+ Kg8 50. Rd3 Kf7 51. Rf3 Ke6 52. Re3+ Kd5 53. Rf3 Ke5 54. Rf5+
Ke6 55. Rf3 Rb5 56. Re3+ Re5 57. Rb3 f5 58. Rb6+ Kd5 59. gxf5 Rxf5 60. Rxh6 Ke4
61. Kg4 Ke5 62. Rg6 Rf4+ 63. Kxg5 Rf5+ 64. Kh6 Rf3 65. Kg7 Rd3 66. h6 Rd7+ 67.
Kh8 Rd8+ 68. Rg8 Rxg8+ 69. Kxg8 1-0

[Event "Challenge"]
[Site "http://www.queenalice.com/game.php?id=828764"]
[Date "2010.9.6"]
[Round "-"]
[White "Cosette"]
[Black "Dunelm"]
[Result "1-0"]
[WhiteElo "1378"]
[BlackElo "1556"]

1. e4 e6 2. Nf3 d5 3. e5 c5 4. d3 c4 5. d4 Nc6 6. Na3 Bb4+ 7. Bd2 Bxd2+ 8. Qxd2
h6 9. c3 Nge7 10. Nb5 O-O 11. g4 a6 12. Na3 b5 13. g5 Nf5 14. h4 b4 15. Nc2 bxc3
16. bxc3 Rb8 17. gxh6 Nxh6 18. Rg1 Nf5 19. h5 Rb2 20. h6 Qb6 21. Nh4 Nxh4 22.
Rxg7+ Kh8 23. Qg5 Nf5 24. Qf6 Rb1+ 25. Ke2 Rxa1 26. Rxf7+ Kg8 27. Rxf8+ Kh7 28.
Qh8+ Kg6 29. Qf6+ Kh5 30. Rg8 Nfxd4+ 31. Ke3 Nxc2+ 32. Kf3 N6d4+ 33. Kg2 Ne1+
34. Kh3 Qd8 35. Qg6# 1-0

[Event "Challenge"]
[Site "http://www.queenalice.com/game.php?id=829164"]
[Date "2010.9.7"]
[Round "-"]
[White "bumpywater"]
[Black "Dunelm"]
[Result "0-1"]
[WhiteElo "1639"]
[BlackElo "1566"]

1. e4 e6 2. e5 d5 3. d4 c5 4. Bb5+ Nd7 5. Nf3 a6 6. Bxd7+ Bxd7 7. Bg5 Ne7 8.
dxc5 h6 9. Bh4 Qa5+ 10. Nc3 Qxc5 11. O-O Ng6 12. Bg3 Be7 13. h3 O-O 14. a3 Bc6
15. Nd4 Bd7 16. Re1 Qb6 17. b4 Bg5 18. Rb1 Bf4 19. Bxf4 Nxf4 20. Qd2 Ng6 21. a4
Rac8 22. a5 Qc7 23. Qe3 Rce8 24. Nce2 Qxe5 25. Qf3 Qf6 26. Qxf6 gxf6 27. c3 e5
28. Nf3 Nf4 29. Nxf4 exf4 30. Nd4 Rc8 31. Rbc1 Rfe8 32. Nf3 Rxe1+ 33. Rxe1 Rxc3
34. Re7 Bc6 35. Nd4 h5 36. h4 Rd3 37. Nf5 d4 38. Nh6+ Kf8 39. Rxf7+ Ke8 40. Rxf6
Rd1+ 41. Kh2 d3 42. Rxf4 Re1 43. Nf5 Re2 44. Rd4 d2 45. Ne3 Bb5 46. Kg3 Ba4 47.
Kf3 Rxe3+ 48. fxe3 d1=Q+ 49. Rxd1 Bxd1+ 50. Kf4 Kd7 51. e4 Bg4 52. e5 Kc6 53.
Ke4 Kb5 54. Kd5 Kxb4 55. e6 Bxe6+ 56. Kxe6 Kxa5 57. Kd5 b5 58. Kd4 b4 59. Kc4
Ka4 60. g3 b3 61. g4 hxg4 62. h5 b2 0-1

[Event "Challenge"]
[Site "http://www.queenalice.com/game.php?id=831725"]
[Date "2010.9.12"]
[Round "-"]
[White "vinoseco"]
[Black "Dunelm"]
[Result "0-1"]
[WhiteElo "1370"]
[BlackElo "1545"]

1. Nf3 d5 2. Nd4 e5 3. Nb5 c6 4. N5c3 Nf6 5. e3 Bg4 6. f3 Bh5 7. Ne2 Bc5 8. Ng3
Bg6 9. b3 O-O 10. Ne2 e4 11. f4 h6 12. Nbc3 Nbd7 13. Rb1 Bh5 14. b4 Bd6 15. Nb5
Be7 16. h3 cxb5 17. g4 Bg6 18. f5 Bh7 19. Bb2 Qc7 20. Nd4 Bxb4 21. Nxb5 Qg3+ 22.
Ke2 Qf3+ 23. Ke1 Qxh1 24. c3 Ba5 25. Qa4 Bb6 26. Ba3 Rfd8 27. Nd6 Ne5 28. Nxb7
Nd3+ 29. Ke2 Qf3# 0-1

[Event "Torneo Mundial"]
[Site "http://www.queenalice.com/game.php?id=834439"]
[Date "2010.9.18"]
[Round "3"]
[White "Doppelgangland"]
[Black "Dunelm"]
[Result "1-0"]
[WhiteElo "1850"]
[BlackElo "1585"]

1. d4 Nf6 2. c4 e6 3. Nc3 Bb4 4. Bg5 Nc6 5. e3 O-O 6. Qf3 h6 7. Bxf6 Qxf6 8.
Qxf6 gxf6 9. a3 Bxc3+ 10. bxc3 e5 11. Bd3 d6 12. Ne2 Ne7 13. Ng3 c5 14. Nh5 f5
15. dxe5 dxe5 16. Nf6+ Kg7 17. Nd5 Nxd5 18. cxd5 e4 19. Bc2 b6 20. c4 Ba6 21.
Bb3 b5 22. Rc1 bxc4 23. Bxc4 Bxc4 24. Rxc4 Rfc8 25. O-O Rab8 26. g4 fxg4 27.
Rxe4 h5 28. Re5 Kg6 29. f4 Rb6 30. Rg5+ Kh6 31. Re5 c4 32. Rc1 c3 33. Re4 c2 34.
Rb4 f6 35. Rxb6 axb6 36. Kg2 f5 37. Kg3 b5 38. d6 Rd8 39. Rxc2 Rxd6 40. Rc5 Rd3
41. Kh4 Rxe3 42. Rc6+ Kg7 43. Kxh5 Rh3+ 44. Kg5 Rxh2 45. Rc7+ Kf8 46. Kxf5 g3
47. Rc1 g2 48. Rg1 Ke7 49. Kg4 Rh1 50. Rxg2 Kf6 51. Rb2 Rg1+ 52. Kf3 Ra1 53. Rb3
Rf1+ 54. Ke4 Ra1 55. Rxb5 Rxa3 56. Rb6+ Kf7 57. f5 Ra4+ 58. Ke5 Ra5+ 59. Kf4
Ra4+ 60. Kg5 Re4 61. Rb7+ Kf8 62. f6 Re5+ 63. Kg6 Re6 64. Rb8+ Re8 65. Rxe8+
Kxe8 66. Kg7 1-0

[Event "Challenge"]
[Site "http://www.queenalice.com/game.php?id=836691"]
[Date "2010.9.23"]
[Round "-"]
[White "Dunelm"]
[Black "elche"]
[Result "1/2-1/2"]
[WhiteElo "1554"]
[BlackElo "1807"]

1. e4 c5 2. Nc3 Nc6 3. f4 d6 4. Nf3 Bg4 5. h3 Bxf3 6. Qxf3 Nd4 7. Bb5+ Nc6 8. d3
a6 9. Bc4 e6 10. Be3 b5 11. e5 d5 12. Bb3 c4 13. dxc4 Bb4 14. Bd2 Nd4 15. Qd3
Bxc3 16. Bxc3 Nxb3 17. cxb3 dxc4 18. Qd6 Qxd6 19. exd6 Kd7 20. O-O-O Nf6 21.
Bxf6 gxf6 22. Kc2 cxb3+ 23. Kxb3 a5 24. Kc2 Ra6 25. a3 Rxd6 26. b4 Rc8+ 27. Kb2
axb4 28. axb4 Rc4 29. g3 Rxb4+ 30. Kc3 Rc4+ 31. Kb3 Rcd4 32. Rxd4 Rxd4 33. Kc3
Rd5 34. Kb4 e5 35. Ra1 exf4 36. gxf4 Rd4+ 37. Kxb5 Rxf4 38. Ra7+ Ke6 39. Ra6+
Kf5 40. Ra1 Kg5 41. Rg1+ Kh6 42. Rc1 f5 43. Kc5 Rh4 44. Rh1 f4 45. Kd4 Kg6 46.
Ke4 f6 47. Rg1+ Kf7 48. Rh1 Ke6 49. Re1 f5+ 50. Kf3+ Kf6 51. Rh1 h5 52. Rh2 Ke5
53. Rh1 Kd4 54. Rh2 Kc3 55. Rh1 Kd4 56. Rh2 1/2-1/2

[Event "Challenge"]
[Site "http://www.queenalice.com/game.php?id=857902"]
[Date "2010.11.12"]
[Round "-"]
[White "yeye2"]
[Black "Dunelm"]
[Result "1-0"]
[WhiteElo "1594"]
[BlackElo "1582"]

1. Nf3 d5 2. d4 Nf6 3. Nc3 Bf5 4. Bf4 e6 5. Ne5 Bg6 6. e3 a6 7. Qf3 Bd6 8. Bd3
O-O 9. g4 c6 10. O-O-O Nbd7 11. Nxg6 hxg6 12. Bxd6 Re8 13. h4 Nb6 14. Be5 Nbd7
15. h5 gxh5 16. gxh5 Nxe5 17. dxe5 Nd7 18. Qf4 Kf8 19. Bg6 Re7 20. h6 gxh6 21.
Qxh6+ Ke8 22. Qh8+ Nf8 23. Bh5 Kd7 24. Rdg1 b5 25. Rg8 Kc7 26. Qg7 Qe8 27. Rg1
b4 28. Na4 Rb8 29. Rg4 a5 30. Rf4 c5 31. Nxc5 Kc6 32. Bxf7 Rxf7 33. Rxf7 Qxf7
34. Qxf7 Kxc5 35. Qc7+ 1-0

[Event "Torneo Mundial"]
[Site "http://www.queenalice.com/game.php?id=862720"]
[Date "2010.11.23"]
[Round "4"]
[White "thw"]
[Black "Dunelm"]
[Result "1-0"]
[WhiteElo "1822"]
[BlackElo "1566"]

1. e4 e6 2. d4 d5 3. Nc3 Nf6 4. Bg5 Be7 5. e5 Nfd7 6. Bxe7 Qxe7 7. f4 O-O 8. Bd3
c5 9. Nf3 h6 10. O-O b6 11. dxc5 bxc5 12. Qd2 c4 13. Be2 Qc5+ 14. Kh1 Nc6 15. a3
Rb8 16. Rfb1 Ba6 17. b4 cxb3 18. cxb3 Bxe2 19. Nxe2 a5 20. Ned4 Ne7 21. Rc1 Qa7
22. Rc3 Rfc8 23. Rac1 Rxc3 24. Qxc3 Rc8 25. Qd2 Rxc1+ 26. Qxc1 Nc5 27. Qc3 Ne4
28. Qc2 Qc5 29. Qxc5 Nxc5 30. b4 axb4 31. axb4 Nd7 32. b5 Nb6 33. Nc6 Kf8 34.
Kg1 f6 35. exf6 gxf6 36. Kf2 Ke8 37. Nfd4 Kd7 38. Ke3 Nc4+ 39. Kd3 Nd6 40. g3 f5
41. Ne5+ Kc7 42. Nxe6+ Kb6 43. Nd4 Nxb5 44. Nf7 h5 45. Ne6 d4 46. Nxd4 Nxd4 47.
Kxd4 Nc6+ 48. Kd5 Kc7 49. Nd6 Ne7+ 50. Ke6 Kd8 51. Nxf5 Nxf5 52. Kxf5 1-0

[Event "Challenge"]
[Site "http://www.queenalice.com/game.php?id=871762"]
[Date "2010.12.14"]
[Round "-"]
[White "Dunelm"]
[Black "yeye2"]
[Result "0-1"]
[WhiteElo "1560"]
[BlackElo "1629"]

1. e4 e5 2. Nf3 Nc6 3. Bc4 Nf6 4. Ng5 d5 5. exd5 Nxd5 6. d3 Be7 7. Qf3 Be6 8.
Nxe6 fxe6 9. O-O Nd4 10. Qe4 Nxc2 11. Qxe5 Nxa1 12. Qxe6 c6 13. Re1 Nc2 14. Re4
Qd7 15. Nc3 Qxe6 16. Rxe6 Nxc3 17. bxc3 a5 18. Re2 Na1 19. Bb2 b5 20. Bxa1 bxc4
21. dxc4 Rb8 22. Bb2 Rb7 23. g3 Kf7 24. a4 Rhb8 25. Bc1 Rb1 26. Re1 Ba3 27. Bd2
Rxe1+ 28. Bxe1 Rb1 29. Kf1 Bc1 30. Ke2 Ra1 31. f4 Ba3 32. g4 Bd6 33. Bg3 Rxa4
34. Kd3 Ra1 35. Ke4 a4 0-1

[Event "East v. West"]
[Site "http://www.queenalice.com/game.php?id=897502"]
[Date "2011.2.8"]
[Round "-"]
[White "Dunelm"]
[Black "Vonrunstedt"]
[Result "0-1"]
[WhiteElo "1547"]
[BlackElo "1554"]

1. e4 e5 2. Nf3 Nc6 3. Bc4 Nd4 4. Nxe5 Qg5 5. Nxf7 Qxg2 6. Nxh8 Qxh1+ 7. Bf1
Qxe4+ 8. Be2 Nf3+ 9. Kf1 Nxh2+ 10. Kg1 Bd6 11. Na3 Nf6 12. Bc4 Nfg4 13. Bd3 Nf3+
14. Kf1 Ngh2+ 15. Kg2 Ne1+ 16. Kh3 Qg2+ 17. Kh4 Be7+ 18. Kh5 Qg5# 0-1

[Event "Let's Play Chess!"]
[Site "http://www.queenalice.com/game.php?id=919318"]
[Date "2011.3.31"]
[Round "-"]
[White "esatni"]
[Black "Dunelm"]
[Result "0-1"]
[WhiteElo "1206"]
[BlackElo "1547"]

1. e4 e6 2. Bc4 d5 3. Bb5+ Nc6 4. Qe2 Nf6 5. Nf3 Nxe4 6. Ne5 Ng5 7. h4 Bd7 8.
hxg5 Nd4 9. Qd3 Nxb5 10. c4 Nd6 11. cxd5 Bb5 12. Qf3 Qxg5 13. Rh5 Qf6 14. a4
Qxf3 15. gxf3 g6 16. Rh4 Bg7 17. d4 Nf5 18. Rf4 Bc4 19. Nd2 Bxd5 20. Ra3 Bxe5
21. Rg4 O-O-O 22. Rc3 Nxd4 23. f4 h5 24. Rg5 Bxf4 25. b4 Bxg5 26. Nf1 Bxc1 27.
Rxc1 Nf3+ 28. Ke2 a6 29. Nd2 Nxd2 30. b5 Bf3+ 31. Ke1 Ne4 32. a5 axb5 33. Kf1
Rd1+ 34. Rxd1 Bxd1 35. Ke1 Rd8 36. f3 Bxf3 37. a6 bxa6 38. Kf1 Rd2 39. Kg1 b4
40. Kf1 b3 0-1

[Event "Challenge"]
[Site "http://www.queenalice.com/game.php?id=928467"]
[Date "2011.4.21"]
[Round "-"]
[White "joskoa"]
[Black "Dunelm"]
[Result "0-1"]
[WhiteElo "1656"]
[BlackElo "1549"]

1. e4 e6 2. d4 d5 3. e5 c5 4. Nc3 a6 5. Nf3 h6 6. Be3 cxd4 7. Bxd4 Bb4 8. Bd3
Ne7 9. O-O O-O 10. Ne2 Nbc6 11. Be3 Nf5 12. Bxf5 exf5 13. c3 Ba5 14. b4 Bc7 15.
Re1 Nxe5 16. Nf4 Nxf3+ 17. Qxf3 b5 18. Bc5 Bd6 19. Bxd6 Qxd6 20. a3 a5 21. Nxd5
Be6 22. Ne3 axb4 23. cxb4 Rfd8 24. Nxf5 Bxf5 25. Qxf5 Qd5 26. Qxd5 Rxd5 27. Re3
Kf8 28. h3 Rad8 29. Ree1 Rg5 30. f4 Rg6 31. Kh2 Rd2 32. Rg1 Rf2 33. a4 bxa4 34.
Rxa4 Rxf4 35. Re1 Kg8 36. Ra8+ Kh7 37. b5 Rb6 38. Re5 Rb4 39. Ra5 f6 40. Rc5 g5
41. Rc6 R4xb5 42. Rxb5 Rxc6 43. Rb3 f5 44. Re3 f4 45. Rf3 Rc2 46. Kg1 Rc1+ 47.
Rf1 Rxf1+ 48. Kxf1 h5 49. Kf2 Kg6 50. Kf3 Kf5 51. g4+ hxg4+ 52. hxg4+ Ke5 53.
Ke2 Ke4 54. Kf2 f3 0-1

[Event "Challenge"]
[Site "http://www.queenalice.com/game.php?id=928670"]
[Date "2011.4.21"]
[Round "-"]
[White "scheherazade"]
[Black "Dunelm"]
[Result "1-0"]
[WhiteElo "1765"]
[BlackElo "1549"]

1. d4 Nf6 2. e3 e6 3. Nc3 Bb4 4. a3 Bxc3+ 5. bxc3 d5 6. c4 O-O 7. Nf3 h6 8. c5
b6 9. a4 Re8 10. Ne5 Ba6 11. Nc6 Qc8 12. Nxb8 Rxb8 13. c6 Bxf1 14. Rxf1 Qa6 15.
Qe2 Qxe2+ 16. Kxe2 e5 17. Bb2 exd4 18. Bxd4 Re6 19. a5 Rbe8 20. axb6 axb6 21. f3
Rxc6 22. c3 Rce6 23. Rae1 c5 24. Bxf6 Rxf6 25. Kf2 Re4 26. Rd1 Rc4 27. Rc1 g5
28. h3 h5 29. Rfd1 g4 30. Rxd5 gxf3 31. Rg5+ Kf8 32. gxf3 Rh4 33. Kg3 Ra4 34. h4
Rg6 35. Rxg6 fxg6 36. e4 b5 37. Kf4 Kf7 38. Ke5 Ke7 39. Rb1 b4 40. cxb4 cxb4 41.
f4 Ra5+ 42. Kd4 Ra4 43. Kc4 Kf6 44. Rxb4 Ra7 45. Rb6+ Kf7 46. Rc6 Ra4+ 47. Kd5
Ra5+ 48. Rc5 Rxc5+ 49. Kxc5 Ke6 50. Kd4 Kf6 51. Kd5 Kg7 52. Ke6 Kh6 53. Kf6 Kh7
54. e5 Kh6 55. e6 g5 56. fxg5+ Kh7 57. e7 Kh8 58. e8=Q+ Kh7 59. g6+ 1-0

[Event "Let's Play Chess!"]
[Site "http://www.queenalice.com/game.php?id=1022538"]
[Date "2012.1.31"]
[Round "-"]
[White "rumplestiltskin"]
[Black "Dunelm"]
[Result "0-1"]
[WhiteElo "1653"]
[BlackElo "1585"]

1. e4 e6 2. f4 d5 3. e5 Bc5 4. d4 Bb6 5. Nf3 Ne7 6. Nc3 O-O 7. Be2 Nbc6 8. O-O
Nf5 9. Bd3 Bxd4+ 10. Nxd4 Ncxd4 11. Bxf5 Nxf5 12. g3 b6 13. b3 Qe7 14. g4 Qc5+
15. Rf2 Qxc3 16. Bd2 Qd4 17. c3 Qe4 18. gxf5 Qxf5 19. Rc1 Ba6 20. c4 dxc4 21.
bxc4 Bb7 22. a4 Qe4 23. Kf1 Qh1+ 24. Ke2 Qxd1+ 25. Kxd1 Rad8 26. Ke1 c5 27. h4
f5 28. h5 h6 29. Ke2 Bc6 30. a5 Bb7 31. Rb1 Ba6 32. axb6 axb6 33. Rxb6 Bxc4+ 34.
Ke1 Ra8 35. Rb1 Bd3 36. Rd1 Rab8 37. Be3 c4 38. Bc5 Rfc8 39. Bd6 Rb1 40. Rxb1
Bxb1 41. Kd1 c3 42. Ba3 Rd8+ 43. Bd6 Ra8 44. Kc1 Ra1 45. Rb2 Be4+ 0-1

[Event "Let's Play Chess!"]
[Site "http://www.queenalice.com/game.php?id=1022975"]
[Date "2012.1.31"]
[Round "-"]
[White "Dunelm"]
[Black "Jeff_Of_Love"]
[Result "0-1"]
[WhiteElo "1613"]
[BlackElo "1896"]

1. e4 e5 2. Nf3 Nc6 3. Bc4 Nf6 4. d3 d5 5. exd5 Nxd5 6. O-O Bc5 7. h3 f6 8. Nc3
Be6 9. Nxd5 Bxd5 10. Qe2 Nd4 11. Nxd4 Bxc4 12. dxc4 Qxd4 13. Be3 Qe4 14. Qd3 Qc6
15. Bxc5 Qxc5 16. Qd5 Qxd5 17. cxd5 b5 18. Rad1 Rd8 19. a3 O-O 20. b4 Rd6 21.
Rfe1 g5 22. g4 Rfd8 23. c4 c6 24. Kf1 bxc4 25. dxc6 Rxd1 26. Ke2 R1d2+ 27. Kf3
R2d3+ 28. Re3 R3d4 29. Re4 c3 30. Re3 c2 31. c7 c1=Q 0-1

[Event "Let's Play Chess!"]
[Site "http://www.queenalice.com/game.php?id=1070301"]
[Date "2012.6.10"]
[Round "-"]
[White "skorpion"]
[Black "Dunelm"]
[Result "1-0"]
[WhiteElo "2813"]
[BlackElo "1615"]

1. e4 e6 2. d4 d5 3. Nd2 Nf6 4. e5 Nfd7 5. f4 c5 6. c3 Nc6 7. Ndf3 c4 8. Ne2 Be7
9. Ng3 Bh4 10. Nxh4 Qxh4 11. Be2 g6 12. b3 cxb3 13. axb3 O-O 14. O-O a5 15. Rf3
b6 16. f5 Ba6 17. Bxa6 Rxa6 18. Rf4 Qh6 19. Qf1 Ndb8 20. Rg4 Qg7 21. f6 Qh8 22.
Bh6 Rc8 23. Bg7 h5 24. Bxh8 Kxh8 25. Qf4 Kh7 26. Rh4 Kg8 27. Qh6 1-0